• 首页
  • 本馆介绍
  • 公告通知
  • 最新文献
  • 馆藏检索
  • 电子资源
  • 读者导购
  • 参考咨询
  • 我的图书馆
  • 登录
  • 详细信息显示
  • 放入我的书架
  • 预约/预借图书
  • 作者相关作品
  • 分类相关作品
  • 丛书相关作品
  • 出版社相关作品

书目信息

  • 表格格式
  • 工作单格式
  • 卡片格式
题名:
唇腭裂心理咨询与治疗
    
 
作者: 郑谦 , 龚彩霞 主编
分册:  
出版信息: 北京   人民军医出版社  2015.02
页数: 280页
开本: 25cm
丛书名: 唇腭裂序列治疗丛书
单 册:
中图分类: R782.2 , R493
科图分类:
主题词: 唇裂--心理咨询 , 唇裂--精神疗法 , 裂腭--心理咨询 , 裂腭--精神疗法
电子资源:
ISBN: 978-7-5091-8177-5
000 01313oam2 2200349 450
001 0120151521414
005 20151231090705.43
010    @a978-7-5091-8177-5@b精装@dCNY120.00
100    @a20150312d2015 em y0chiy50 ea
101 0  @achi
102    @aCN@b110000
105    @aak z 000yy
106    @ar
200 1  @a唇腭裂心理咨询与治疗@9chun e lie xin li zi xun yu zhi liao@dPsychological consultation and intervention for cleft patients@f郑谦,龚彩霞主编@zeng
210    @a北京@c人民军医出版社@d2015.02
215    @a280页@c图@d25cm
225 2  @a唇腭裂序列治疗丛书
300    @a国家临床重点专科建设项目
330    @a本书编者系统地阐述了唇腭裂患者婴幼儿期、儿童期、青少年期、成人期以及患者家长的心理特点,并提出了各个时期的治疗重点。内容涵盖心理咨询与心理治疗的基本理论、开展心理治疗必需的人员培训、心理咨询室设置等。
333    @a唇腭裂心理咨询相关人员
461  0 @12001 @a唇腭裂序列治疗丛书
510 1  @aPsychological consultation and intervention for cleft patients@zeng
606 0  @a唇裂@x心理咨询
606 0  @a唇裂@x精神疗法
606 0  @a裂腭@x心理咨询
606 0  @a裂腭@x精神疗法
690    @aR782.2@v5
690    @aR493@v5
701  0 @a郑谦@9zheng qian@4主编
701  0 @a龚彩霞@9gong cai xia@4主编
801  0 @aCN@b人天书店@c20150312
905    @b875192@dR782.2@e9@f1
    
    唇腭裂心理咨询与治疗=Psychological consultation and intervention for cleft patients/郑谦,龚彩霞主编.-北京:人民军医出版社,2015.02
    280页:图;25cm.-(唇腭裂序列治疗丛书)
    国家临床重点专科建设项目.-使用对象:唇腭裂心理咨询相关人员
    
    ISBN 978-7-5091-8177-5(精装):CNY120.00
    本书编者系统地阐述了唇腭裂患者婴幼儿期、儿童期、青少年期、成人期以及患者家长的心理特点,并提出了各个时期的治疗重点。内容涵盖心理咨询与心理治疗的基本理论、开展心理治疗必需的人员培训、心理咨询室设置等。
●
相关链接 在E读中查询图书 在五车中查询图书 在当当中查询图书 在豆瓣中查询图书


正题名:唇腭裂心理咨询与治疗     索取号:R782.2/9         预约/预借

序号 登录号 条形码 馆藏地/架位号 状态 备注
1 875192   208751929   学院路分馆/ [索取号:R782.2/9] 在馆    
唐山师范学院图书馆 欢迎您!
大连网信软件有限公司© 版权所有